000 00816nam a2200217Ia 4500
003 OSt
005 20220923222050.0
006 a|||||r|||| 00| 0
007 ta
008 220922b |||||||| |||| 00| 0 hin d
024 _a202,823
037 _cTextual
040 _aARTS
_cARTS
_bhin
041 _2hin
_ahin
082 _aO157:3M76:34, 152J4
100 _aचट्टोपाध्याय, शरत्चन्द्; श्रीवास्तव, प्रकाशचन्द्, अनु.
_9165816
245 0 _aवैरागी
246 _aVairāgī
942 _hO157:3M76:34, 152J4
_cTEXL
_2CC
999 _c353624
_d353624